000
00169nam a22000857a 4500
082
_a
823
100
_a
COELHO, PAULO
245
_a
MANUAL OF THE WARRIOR OF LIGHT
942
_c
BK
999
_c
8103
_d
8103